000 01033nam a2200205Ii 4500
003 JO-AjNU
008 230605s9999||||xx |||||||||||||| ||und||
017 _a2009/9/4164
040 _aJO-AjNU
_bara
_erda
_cJO-AjNU
041 _aara
050 1 4 _aJX1391.H34 2009
100 3 _aتقرير: الهيئة المستقلة الخاصة بالقضايا الانسانية في العالم ؛ تقديم: الحسن بن طلال، صدر الدين آغا خان؛ ترجمة: محمد عصفور ؛ مراجعة محمد عدنان البخيت,
_eauthor
_957273
245 0 0 _aهل تكسب الإنسانية معركتها؟
264 3 1 _aعمان:وزارة الثقافة، 2009
300 _a343ص
_bالملاحق ص 297-328 ؛ الاعلام ص 329-335 ؛ المواقع ص336-341
336 _atext
_btxt
_2rdacontent
337 _aunmediated
_bn
_2rdamedia
338 _avolume
_bnc
_2rdacarrier
650 4 _aحقوق الانسان- قوانين وتشريعات- قانون دولي- الحقوق المدنية
_957274
999 _aA25654
_c29222
_d29222